| 000 | 00533nam a22001457a 4500 | ||
|---|---|---|---|
| 005 | 20160307082638.0 | ||
| 008 | 160302b xxu||||| |||| 00| 0 eng d | ||
| 050 | _aBX1855.C3E241 | ||
| 100 |
_aCongregation for Catholic Education _922685 |
||
| 245 |
_aEducating today and tomorrow, a renewing passion _bLineamenta _cCongregation for Catholic Education |
||
| 260 |
_aRome _bCongregation For Catholic Education _c2015 |
||
| 300 |
_a272p.; _c21cm. |
||
| 650 |
_aCatholic Church _xEducation _vCongresses _922686 |
||
| 942 |
_2lcc _cMONOGRAPH |
||
| 999 |
_c124287 _d124287 |
||